000
00290nam a22001337a 4500
008
171102b xxu||||| |||| 00| 0 eng d
020
_a
0070480248
041
_a
eng
080
_2
2ND
_a
339.138
100
_a
60
101
_a
MAR
245
_a
DIRECT MARKETING
_c
NASH,E.L
942
_2
udc
_c
BK
999
_c
37272
_d
37272